[Event "Wch U18"]
[Site "Mumbai"]
[Date "2019.10.11"]
[Round "10"]
[White "Om, Kharola"]
[Black "Iniyan, Panneerseluam"]
[Result "1/2-1/2"]
[WhiteElo "2328"]
[BlackElo "2509"]
[PlyCount "87"]
[EventDate "2019.10.02"]
[EventType "swiss"]
[EventRounds "11"]
[EventCountry "IND"]
[SourceTitle "EXT 2020"]
[Source "ChessBase"]
[SourceDate "2019.10.17"]
[SourceVersion "1"]
[SourceVersionDate "2019.10.17"]
[SourceQuality "1"]

1. e4 c5 2. Nf3 d6 3. d4 cxd4 4. Nxd4 Nf6 5. Nc3 a6 6. h3 e6 7. g4 h6 8. Bg2 g5 9. Be3 Nbd7 10. Qe2 Ne5 11. 0-0-0 b5 12. f4 gxf4 13. Bxf4 Nfd7 14. Qf2 Qc7 15. Nce2 Bb7 16. Kb1 Nc5 17. Ng3 0-0-0 18. Nb3 Ncd7 19. Bd2 Nb6 20. Ba5 Nec4 21. Rhf1 Bg7 22. Bxb6 Nxb6 23. Qxf7 Qxf7 24. Rxf7 Be5 25. Na5 Ba8 26. Ne2 Na4 27. c3 Nc5 28. Nd4 Rd7 29. Rf2 Bxe4+ 30. Bxe4 Nxe4 31. Re2 d5 32. Nac6 Bxd4 33. cxd4 Rf8 34. Rc1 Kb7 35. Rec2 Rf2 36. Na5+ Kb6 37. b4 Rxc2 38. Rxc2 Rc7 39. Nb3 Rxc2 40. Kxc2 Nf2 41. Nc5 Nxh3 42. Nxe6 Nf2 43. g5 hxg5 44. Nxg5 1/2-1/2

[Event "Wch U18"]
[Site "Mumbai"]
[Date "2019.10.03"]
[Round "2"]
[White "Om, Kharola"]
[Black "Pultinevicius, Paulius"]
[Result "1/2-1/2"]
[WhiteElo "2328"]
[BlackElo "2503"]
[PlyCount "116"]
[EventDate "2019.10.02"]
[EventType "swiss"]
[EventRounds "11"]
[EventCountry "IND"]
[SourceTitle "EXT 2020"]
[Source "ChessBase"]
[SourceDate "2019.10.17"]
[SourceVersion "1"]
[SourceVersionDate "2019.10.17"]
[SourceQuality "1"]

1. e4 e5 2. Nf3 Nc6 3. Nc3 Nf6 4. a3 g6 5. Bc4 Bg7 6. d3 h6 7. h3 d6 8. Be3 Nd7 9. d4 exd4 10. Nxd4 0-0 11. 0-0 Re8 12. Qd2 Nb6 13. Bb5 Bd7 14. Bxc6 bxc6 15. Bxh6 Nc4 16. Qe2 Nxb2 17. Bxg7 Kxg7 18. Rab1 Qf6 19. Rxb2 Qxd4 20. Qd3 Qe5 21. Rb7 Rec8 22. f4 Qc5+ 23. Kh1 Rab8 24. Na4 Qa5 25. Qd4+ Kg8 26. Rxa7 c5 27. Rxa5 cxd4 28. Rd1 c5 29. e5 Bf5 30. Rd2 dxe5 31. fxe5 c4 32. Rxd4 c3 33. Rb4 Rxb4 34. axb4 Bxc2 35. Rc5 Rxc5 36. Nxc5 Be4 37. Kg1 Kf8 38. Kf2 c2 39. Nb3 Ke7 40. g3 Bd5 41. Nc1 Ke6 42. Ke3 Bg2 43. Nd3 Bf1 44. Nc5+ Kxe5 45. Kd2 Bxh3 46. Kxc2 Kf5 47. Nd3 Bf1 48. b5 Ke4 49. Nc5+ Ke3 50. b6 Bg2 51. Nd7 f5 52. Ne5 g5 53. Nf7 Be4+ 54. Kc3 f4 55. gxf4 gxf4 56. Ng5 Bb7 57. Kc4 f3 58. Nxf3 Kxf3 1/2-1/2

[Event "Aktobe Dvorkovich Cup U16"]
[Site "Aktobe"]
[Date "2019.09.24"]
[Round "9.1"]
[White "Om, Kharola"]
[Black "Huang, Renjie"]
[Result "0-1"]
[WhiteElo "2328"]
[BlackElo "2416"]
[PlyCount "68"]
[EventDate "2019.09.23"]
[EventType "team-tourn (rapid)"]
[EventRounds "9"]
[EventCountry "KAZ"]
[SourceTitle "EXT 2020"]
[Source "ChessBase"]
[SourceDate "2019.10.17"]
[SourceVersion "1"]
[SourceVersionDate "2019.10.17"]
[SourceQuality "1"]
[WhiteTeam "India U16"]
[BlackTeam "China U16"]
[WhiteTeamCountry "IND"]
[BlackTeamCountry "CHN"]

1. e4 c5 2. Nf3 d6 3. d4 cxd4 4. Nxd4 Nf6 5. Nc3 g6 6. Be2 Bg7 7. 0-0 0-0 8. Re1 Nc6 9. Nb3 Be6 10. Bg5 a5 11. Bb5 Ne5 12. Nd4 Rc8 13. Nxe6 fxe6 14. Be3 Nc4 15. Bxc4 Rxc4 16. f3 Nd7 17. Qe2 Qc8 18. Bd2 b5 19. a3 b4 20. axb4 axb4 21. Na4 Rxc2 22. Rac1 Qc6 23. b3 Rc8 24. Qe3 Qb5 25. Rxc2 Rxc2 26. Rc1 Qc6 27. Kf1 Ne5 28. Rxc2 Qxc2 29. Bxb4 Qd1+ 30. Be1 Nd3 31. Qe2 Qxb3 32. Bc3 Qb1+ 33. Be1 Nxe1 34. Qxe1 Qb5+ 0-1

[Event "Titled Tuesday intern op 3rd Sept"]
[Site "Chess.com INT"]
[Date "2019.09.03"]
[Round "5"]
[White "Om, Kharola"]
[Black "Quesada Perez, Yuniesky"]
[Result "1-0"]
[WhiteElo "2558"]
[BlackElo "2615"]
[PlyCount "119"]
[EventDate "2019.09.03"]
[EventType "swiss (blitz)"]
[EventRounds "10"]
[EventCountry "USA"]
[SourceTitle "EXT 2021"]
[Source "ChessBase"]
[SourceDate "2020.10.23"]
[SourceVersion "1"]
[SourceVersionDate "2020.10.23"]
[SourceQuality "1"]

1. e4 c5 2. Nf3 e6 3. g3 b6 4. Bg2 Bb7 5. Nc3 d6 6. d4 cxd4 7. Nxd4 Nd7 8. 0-0 a6 9. Re1 Be7 10. Bh3 Bf6 11. Bxe6 fxe6 12. Nxe6 Qc8 13. Bf4 Nc5 14. Nxg7+ Bxg7 15. Qh5+ Kf8 16. Bxd6+ Ne7 17. Nd5 Qe6 18. Bxe7+ Kg8 19. Bxc5 bxc5 20. Nc7 Qf7 21. Qxf7+ Kxf7 22. Nxa8 Rxa8 23. Rad1 Ke7 24. c3 Bc6 25. f4 Rb8 26. Rd2 c4 27. e5 Bf8 28. h3 Ke6 29. g4 Bc5+ 30. Kh2 h5 31. f5+ Ke7 32. g5 Rf8 33. Rf1 Be3 34. f6+ Kf7 35. e6+ Kg6 36. e7 Rf7 37. Re2 Bxg5 38. e8Q Bxe8 39. Rxe8 Bxf6 40. Re6 Kg5 41. h4+ Kg6 42. Kg3 a5 43. Rf4 Kg7 44. Rfxf6 Rxf6 45. Rxf6 Kxf6 46. Kf4 a4 47. a3 Ke6 48. Kg5 Ke5 49. Kxh5 Kf5 50. Kh6 Ke4 51. Kg5 Kd3 52. h5 Kc2 53. h6 Kxb2 54. h7 Kxa3 55. h8Q Kb3 56. Qh1 a3 57. Qc1 a2 58. Qa1 Kc2 59. Kf4 Kd3 60. Ke5 1-0

[Event "Titled Tuesday intern op 3rd Sept"]
[Site "Chess.com INT"]
[Date "2019.09.03"]
[Round "8"]
[White "Sjugirov, Sanan"]
[Black "Om, Kharola"]
[Result "1/2-1/2"]
[WhiteElo "2662"]
[BlackElo "2590"]
[PlyCount "105"]
[EventDate "2019.09.03"]
[EventType "swiss (blitz)"]
[EventRounds "10"]
[EventCountry "USA"]
[SourceTitle "EXT 2021"]
[Source "ChessBase"]
[SourceDate "2020.10.23"]
[SourceVersion "1"]
[SourceVersionDate "2020.10.23"]
[SourceQuality "1"]

1. e4 e5 2. Nf3 Nc6 3. Bb5 g6 4. c3 Bg7 5. d4 exd4 6. cxd4 a6 7. Bxc6 dxc6 8. Nc3 Bg4 9. Be3 Ne7 10. h3 Bxf3 11. Qxf3 f5 12. e5 Qd7 13. 0-0-0 0-0-0 14. Bg5 h6 15. Bxe7 Qxe7 16. Qe3 Kb8 17. f4 g5 18. g3 gxf4 19. gxf4 Qe6 20. Kb1 Bf8 21. Rhg1 Be7 22. Ne2 Rhg8 23. Qb3 Qxb3 24. axb3 Bh4 25. Kc2 Kc8 26. Rdf1 Kd7 27. d5 cxd5 28. Nd4 Rdf8 29. Rxg8 Rxg8 30. Nxf5 Rg2+ 31. Kc3 Bf2 32. Nxh6 c5 33. Kd3 Rh2 34. f5 Rxh3+ 35. Ke2 Bd4 36. Ng4 Rxb3 37. f6 Rxb2+ 38. Kd3 Rb3+ 39. Kc2 Rb2+ 40. Kc1 Ra2 41. Rf3 Ra1+ 42. Kc2 Ra2+ 43. Kc1 Ra1+ 44. Kd2 Ra2+ 45. Kd1 Ra1+ 46. Kc2 Ra2+ 47. Kd1 Ra1+ 48. Ke2 Ra2+ 49. Kf1 Ra1+ 50. Ke2 Ra2+ 51. Ke1 Ra1+ 52. Kd2 Ra2+ 53. Kd1 1/2-1/2

[Event "Madurai Athens of the East op 1st"]
[Site "Madurai"]
[Date "2019.08.11"]
[Round "1"]
[White "Avinash, Ramesh"]
[Black "Om, Kharola"]
[Result "1/2-1/2"]
[WhiteElo "1776"]
[BlackElo "2357"]
[PlyCount "140"]
[EventDate "2019.08.11"]
[EventType "swiss"]
[EventRounds "10"]
[EventCountry "IND"]
[SourceTitle "CBM 191 Extra"]
[Source "ChessBase"]
[SourceDate "2019.09.30"]
[SourceVersion "1"]
[SourceVersionDate "2019.09.30"]
[SourceQuality "1"]

1. e4 e5 2. Nf3 Nc6 3. Bc4 Bc5 4. c3 Nf6 5. d3 a6 6. Bb3 Ba7 7. h3 h6 8. Nbd2 d6 9. Nf1 Ne7 10. Ng3 Ng6 11. Nf5 Bxf5 12. exf5 Ne7 13. g4 Qd7 14. Qe2 g6 15. fxg6 fxg6 16. g5 Nfd5 17. gxh6 Rf8 18. Bd2 Qc6 19. 0-0-0 Nxc3 20. bxc3 Rxf3 21. h7 Kd7 22. d4 Bxd4 23. Kb1 Ba7 24. Bg8 Rxg8 25. hxg8Q Nxg8 26. Rhg1 Ne7 27. Be1 Qb5+ 28. Qxb5+ axb5 29. Rg3 Rf6 30. Rd2 Ke6 31. Kc1 c6 32. Kd1 Nd5 33. Ke2 e4 34. Rc2 Nf4+ 35. Kf1 d5 36. Rb2 Nd3 37. Re2 Kf7 38. Rd2 Ne5 39. Rc2 Bc5 40. Re2 Nd3 41. Rd2 Nf4 42. Rb2 Ba3 43. Rd2 Bd6 44. Rc2 Nd3 45. Rg2 Rf3 46. h4 Rh3 47. Bd2 Rxh4 48. Be3 Bc5 49. Bxc5 Nxc5 50. Rg1 Rh3 51. Rg3 Rh1+ 52. Rg1 Rxg1+ 53. Kxg1 Nd3 54. Kf1 Ke6 55. Ke2 Ke5 56. Rd2 c5 57. a3 d4 58. cxd4+ Kxd4 59. Rd1 c4 60. Rb1 c3 61. Kd1 Nxf2+ 62. Kc2 Nd3 63. Rg1 b4 64. axb4 Nxb4+ 65. Kb3 e3 66. Kxb4 e2 67. Kb3 Kd3 68. Rxg6 Kd2 69. Rd6+ Ke3 70. Re6+ Kd3 1/2-1/2

[Event "Djenovici TS05 GM 3rd"]
[Site "Djenovici"]
[Date "2019.05.24"]
[Round "8"]
[White "Kosic, Dragan"]
[Black "Om, Kharola"]
[Result "1/2-1/2"]
[WhiteElo "2488"]
[BlackElo "2329"]
[PlyCount "84"]
[EventDate "2019.05.18"]
[EventType "tourn"]
[EventRounds "9"]
[EventCountry "MNE"]
[EventCategory "6"]
[SourceTitle "CBM 190 Extra"]
[Source "ChessBase"]
[SourceDate "2019.07.15"]
[SourceVersion "1"]
[SourceVersionDate "2019.07.15"]
[SourceQuality "1"]

1. d4 d5 2. Nf3 e6 3. Bf4 Bd6 4. Bg3 Nf6 5. e3 0-0 6. Nbd2 c5 7. c3 b6 8. Ne5 Ne4 9. Nxe4 dxe4 10. dxc5 Bxc5 11. Qa4 Bb7 12. Rd1 Qc8 13. Be2 a6 14. b4 Be7 15. Qb3 b5 16. 0-0 Bd5 17. c4 bxc4 18. Bxc4 Bxc4 19. Nxc4 Qb7 20. a3 Nc6 21. Qb1 Qb5 22. Qxe4 a5 23. Nd6 Bxd6 24. Bxd6 Rfc8 25. Rc1 axb4 26. axb4 Ra4 27. Rfd1 g6 28. h4 Kg7 29. Rc2 Ra6 30. Rdc1 Rd8 31. Rxc6 Rxd6 32. R6c5 Qd7 33. Qe5+ f6 34. Qc3 Rd1+ 35. Rxd1 Qxd1+ 36. Kh2 Qd6+ 37. f4 Ra2 38. b5 Qd1 39. Rc7+ Kh6 40. Qxf6 Rxg2+ 41. Kxg2 Qe2+ 42. Kg1 Qe1+ 1/2-1/2

[Event "Djenovici TS05 GM 3rd"]
[Site "Djenovici"]
[Date "2019.05.22"]
[Round "6"]
[White "Om, Kharola"]
[Black "Damljanovic, Branko"]
[Result "1-0"]
[WhiteElo "2329"]
[BlackElo "2466"]
[PlyCount "80"]
[EventDate "2019.05.18"]
[EventType "tourn"]
[EventRounds "9"]
[EventCountry "MNE"]
[EventCategory "6"]
[SourceTitle "CBM 190 Extra"]
[Source "ChessBase"]
[SourceDate "2019.07.15"]
[SourceVersion "1"]
[SourceVersionDate "2019.07.15"]
[SourceQuality "1"]

1. e4 c5 2. Nf3 e6 3. g3 Nc6 4. Bg2 Nf6 5. Qe2 d5 6. exd5 Nxd5 7. 0-0 g6 8. Nc3 Bg7 9. Ne4 b6 10. d3 0-0 11. a3 h6 12. Rb1 a5 13. Bd2 e5 14. c4 Nde7 15. Bc3 Ra7 16. Rfd1 a4 17. b4 axb3 18. Rxb3 Bg4 19. Qb2 Nc8 20. h3 Bd7 21. Rb1 f5 22. Nxc5 bxc5 23. Nxe5 Nxe5 24. Bxe5 Qe7 25. Bxg7 Qxg7 26. Bd5+ Rf7 27. Bxf7+ Qxf7 28. Qe5 Bc6 29. Qxc5 Rc7 30. Rb8 Kh7 31. f4 Qe6 32. Qe5 Qf7 33. Qc3 g5 34. fxg5 hxg5 35. Rf1 Qe6 36. Qe1 Qf6 37. Qe2 Kg6 38. Qf2 Ne7 39. Rb6 Nc8 40. Ra6 Qe7 1-0

[Event "Budapest FS05 GM"]
[Site "Budapest"]
[Date "2019.05.10"]
[Round "6"]
[White "Om, Kharola"]
[Black "Soham, Das1111"]
[Result "0-1"]
[WhiteElo "2329"]
[BlackElo "2386"]
[PlyCount "62"]
[EventDate "2019.05.04"]
[EventType "tourn"]
[EventRounds "9"]
[EventCountry "HUN"]
[EventCategory "7"]
[SourceTitle "CBM 190 Extra"]
[Source "ChessBase"]
[SourceDate "2019.07.15"]
[SourceVersion "1"]
[SourceVersionDate "2019.07.15"]
[SourceQuality "1"]

1. e4 c5 2. Nf3 d6 3. d4 Nf6 4. Nc3 cxd4 5. Nxd4 a6 6. h3 e5 7. Nb3 Be7 8. f4 b5 9. Qe2 Bb7 10. a3 Nbd7 11. g3 d5 12. exd5 Nxd5 13. Nxd5 Bxd5 14. Bg2 Bc4 15. Qd1 0-0 16. Nd2 Bc5 17. f5 e4 18. Nxc4 bxc4 19. Qd5 Qb6 20. Qxd7 Rad8 21. Qa4 Qd6 22. Bf4 Qd4 23. Rf1 e3 24. Qa5 e2 25. Kxe2 Rfe8+ 26. Kf3 Qd5+ 27. Kg4 h5+ 28. Kxh5 g6+ 29. Kg4 Qxf5+ 30. Kf3 Qd5+ 31. Kg4 Qh5# 0-1

[Event "Krakow op-A 29th"]
[Site "Krakow"]
[Date "2018.12.31"]
[Round "6"]
[White "Kubicka, Anna"]
[Black "Om, Kharola"]
[Result "1/2-1/2"]
[WhiteElo "2168"]
[BlackElo "2080"]
[PlyCount "83"]
[EventDate "2018.12.27"]
[EventType "swiss"]
[EventRounds "9"]
[EventCountry "POL"]
[SourceTitle "CBM 189 Extra"]
[Source "ChessBase"]
[SourceDate "2019.06.03"]
[SourceVersion "1"]
[SourceVersionDate "2019.06.03"]
[SourceQuality "1"]

1. d4 d5 2. c4 e6 3. Nc3 Nf6 4. cxd5 exd5 5. Bg5 c6 6. e3 Be7 7. Bd3 h6 8. Bh4 Be6 9. Qc2 Nbd7 10. Nge2 Rc8 11. f3 c5 12. 0-0 0-0 13. Rad1 Nb6 14. Rfe1 Nfd7 15. Bf2 Bf6 16. Bf5 cxd4 17. Nxd4 Bxd4 18. Rxd4 Qf6 19. Rf4 Bxf5 20. Qxf5 Qxf5 21. Rxf5 g6 22. Rf4 Ne5 23. Rd4 Nec4 24. b3 Na3 25. Nxd5 Nxd5 26. Rxd5 Nc2 27. Red1 Nb4 28. R5d2 Rc3 29. e4 Nc6 30. h3 a5 31. Bh4 g5 32. Bg3 Ra8 33. Rd7 b5 34. Rc7 Rc5 35. b4 Rc4 36. Bd6 Rd8 37. Rd5 Nxb4 38. Rxb5 Rxc7 39. Bxc7 Rd4 40. Kh2 Nxa2 41. Rxa5 Rd7 42. Be5 1/2-1/2

[Event "Krakow op-A 29th"]
[Site "Krakow"]
[Date "2018.12.28"]
[Round "2"]
[White "Chomczyk, Marek"]
[Black "Om, Kharola"]
[Result "1/2-1/2"]
[WhiteElo "2294"]
[BlackElo "2080"]
[PlyCount "99"]
[EventDate "2018.12.27"]
[EventType "swiss"]
[EventRounds "9"]
[EventCountry "POL"]
[SourceTitle "CBM 189 Extra"]
[Source "ChessBase"]
[SourceDate "2019.06.03"]
[SourceVersion "1"]
[SourceVersionDate "2019.06.03"]
[SourceQuality "1"]

1. e4 e5 2. d4 exd4 3. Qxd4 Nc6 4. Qe3 Nf6 5. e5 Nd5 6. Qe4 Nb6 7. Nc3 Bb4 8. Bf4 Qe7 9. Bd3 Na4 10. Nge2 Nc5 11. Qc4 Nxd3+ 12. cxd3 d6 13. exd6 Bxd6 14. 0-0 Be6 15. Qe4 0-0-0 16. Nb5 Bxf4 17. Nxf4 a6 18. Nc3 Rd4 19. Qe3 Bf5 20. Rfe1 Qg5 21. Ne4 Qd8 22. Rac1 Re8 23. Nd6+ cxd6 24. Qxe8 Qxe8 25. Rxe8+ Kd7 26. Nh5 Kxe8 27. Nxg7+ Kd7 28. Nxf5 Rxd3 29. Ne3 Nb4 30. a3 Nd5 31. Rd1 Rxd1+ 32. Nxd1 Kc6 33. Kf1 Kc5 34. Ke2 Kc4 35. g4 b5 36. h4 Nf4+ 37. Kd2 Ng6 38. h5 Ne5 39. Ne3+ Kb3 40. f4 Nc4+ 41. Ke2 Nxe3 42. Kxe3 Kxb2 43. g5 Kxa3 44. f5 b4 45. g6 hxg6 46. hxg6 fxg6 47. f6 b3 48. f7 b2 49. f8Q b1Q 50. Qxd6+ 1/2-1/2

[Event "Paracin IM 2nd"]
[Site "Paracin"]
[Date "2018.12.06"]
[Round "5"]
[White "Lajthajm, Borko"]
[Black "Om, Kharola"]
[Result "1-0"]
[WhiteElo "2405"]
[BlackElo "2080"]
[PlyCount "119"]
[EventDate "2018.12.03"]
[EventType "tourn"]
[EventRounds "9"]
[EventCountry "SRB"]
[SourceTitle "CBM 187 Extra"]
[Source "ChessBase"]
[SourceDate "2018.11.04"]
[SourceVersion "1"]
[SourceVersionDate "2018.11.04"]
[SourceQuality "1"]

1. d4 Nf6 2. c4 e6 3. Nf3 d5 4. Nc3 a6 5. cxd5 exd5 6. Qc2 h6 7. Bf4 Nc6 8. e3 Bd6 9. Bxd6 Qxd6 10. h3 Nb4 11. Qb3 Bf5 12. Rc1 0-0 13. Be2 Nd3+ 14. Bxd3 Bxd3 15. Ne5 Bh7 16. 0-0 Rab8 17. Na4 Ne4 18. Rfd1 Rfe8 19. Nd3 b6 20. Qc2 Rbc8 21. Qc6 Qxc6 22. Rxc6 Bf5 23. Rcc1 a5 24. Ne5 Nd6 25. b3 Nb5 26. g4 Be6 27. Nc3 Nxc3 28. Rxc3 c5 29. dxc5 Rxc5 30. Rxc5 bxc5 31. Nc6 a4 32. b4 Bd7 33. b5 Bxc6 34. bxc6 Rc8 35. Rxd5 Rxc6 36. Rd8+ Kh7 37. Kf1 c4 38. Rd2 Rb6 39. Rc2 a3 40. Ke2 Rb1 41. Kd2 Rh1 42. Rxc4 Rxh3 43. Rf4 Rh1 44. Kc2 Kg8 45. Kb3 g5 46. Rf5 Rg1 47. f3 Re1 48. Kxa3 Rxe3+ 49. Kb4 Re1 50. a4 Kg7 51. a5 Ra1 52. Rc5 f6 53. Rc3 Kg6 54. Ra3 Rb1+ 55. Kc5 h5 56. a6 Rb8 57. a7 Ra8 58. Ra6 Rc8+ 59. Kb6 Rh8 60. a8Q 1-0

[Event "Paracin IM 2nd"]
[Site "Paracin"]
[Date "2018.12.05"]
[Round "4"]
[White "Om, Kharola"]
[Black "Konstantinov, Aleksandar1111"]
[Result "1-0"]
[WhiteElo "2080"]
[BlackElo "2080"]
[PlyCount "111"]
[EventDate "2018.12.03"]
[EventType "tourn"]
[EventRounds "9"]
[EventCountry "SRB"]
[SourceTitle "CBM 187 Extra"]
[Source "ChessBase"]
[SourceDate "2018.11.04"]
[SourceVersion "1"]
[SourceVersionDate "2018.11.04"]
[SourceQuality "1"]

1. e4 e6 2. d4 d5 3. Bd3 dxe4 4. Bxe4 Nf6 5. Bf3 c5 6. Ne2 Nc6 7. Be3 cxd4 8. Nxd4 Ne5 9. 0-0 Be7 10. Nc3 0-0 11. Qe2 Nxf3+ 12. Qxf3 Qa5 13. Nb3 Qh5 14. Qxh5 Nxh5 15. Rfd1 Nf6 16. Bd4 Rd8 17. Na5 Nd5 18. Nb5 a6 19. Nc3 Nxc3 20. bxc3 f6 21. Bb6 Rxd1+ 22. Rxd1 e5 23. c4 Be6 24. c5 Rb8 25. a3 Kf7 26. Kf1 h5 27. Ke1 g5 28. c4 h4 29. Rb1 Bf5 30. Rb3 Be4 31. f3 Bc6 32. Ba7 Rc8 33. Nxc6 Rxc6 34. Rxb7 Ke6 35. Kd2 Bxc5 36. Bxc5 Rxc5 37. Rb6+ Kf5 38. Kc3 g4 39. fxg4+ Kxg4 40. Rxa6 f5 41. Rg6+ Kf4 42. Kb4 Rc8 43. c5 Re8 44. c6 e4 45. c7 e3 46. Re6 Rc8 47. Re7 h3 48. g3+ Kf3 49. Kc5 Kg2 50. Kc6 Kxh2 51. Rxe3 Kg2 52. Kd7 h2 53. Re1 h1Q 54. Rxh1 Rxc7+ 55. Kxc7 Kxh1 56. Kd6 1-0

[Event "IND-ch U17"]
[Site "Haryana"]
[Date "2018.09.08"]
[Round "7"]
[White "Om, Kharola"]
[Black "Mitrabha, Guha"]
[Result "1-0"]
[WhiteElo "2042"]
[BlackElo "2376"]
[PlyCount "61"]
[EventDate "2018.09.03"]
[EventType "swiss"]
[EventRounds "11"]
[EventCountry "IND"]
[SourceTitle "CBM 186 Extra"]
[Source "ChessBase"]
[SourceDate "2018.08.24"]
[SourceVersion "1"]
[SourceVersionDate "2018.08.24"]
[SourceQuality "1"]

1. e4 e6 2. d4 d5 3. Bd3 c5 4. exd5 exd5 5. Qe2+ Qe7 6. dxc5 Nc6 7. Nc3 Qxe2+ 8. Ngxe2 Be6 9. Be3 0-0-0 10. Nd4 Nf6 11. Nxc6 bxc6 12. Bd4 Nd7 13. b4 f6 14. 0-0 Bf7 15. Rfe1 Kc7 16. Rab1 Rb8 17. a3 g6 18. Na4 Bg7 19. f4 Rhe8 20. Kf2 Nf8 21. Rxe8 Rxe8 22. b5 cxb5 23. Bxb5 Re4 24. Bc3 Ne6 25. Ba5+ Kc8 26. c6 Nc7 27. Nc5 f5 28. Nxe4 Bd4+ 29. Ke2 dxe4 30. Bxc7 Kxc7 31. Rd1 1-0

[Event "Bhubaneswar op 11th"]
[Site "Bhubaneswar"]
[Date "2018.05.26"]
[Round "2"]
[White "Laxman, Rajaram"]
[Black "Om, Kharola"]
[Result "1-0"]
[WhiteElo "2444"]
[BlackElo "2051"]
[PlyCount "127"]
[EventDate "2018.05.25"]
[EventType "swiss"]
[EventRounds "10"]
[EventCountry "IND"]
[SourceTitle "CBM 184 Extra"]
[Source "ChessBase"]
[SourceDate "2018.06.28"]
[SourceVersion "1"]
[SourceVersionDate "2018.06.28"]
[SourceQuality "1"]

1. d4 d5 2. Nf3 e6 3. c4 Nf6 4. g3 Be7 5. Bg2 0-0 6. Qc2 a6 7. 0-0 dxc4 8. Qxc4 b5 9. Qc2 Bb7 10. Bd2 Be4 11. Qc1 b4 12. Bg5 Nc6 13. e3 Bd5 14. Nbd2 Nb8 15. Bxf6 Bxf6 16. Ne1 Bxg2 17. Nxg2 Nd7 18. Ne4 c5 19. Nxc5 Rc8 20. Qc2 Qa5 21. Rfc1 e5 22. Qb3 Nxc5 23. dxc5 Rxc5 24. e4 Rfc8 25. Rxc5 Qxc5 26. Ne3 Qd4 27. Nf5 Qd2 28. Rd1 Rc1 29. Rxc1 Qxc1+ 30. Kg2 Qc5 31. Qa4 g6 32. Qe8+ Qf8 33. Qxf8+ Kxf8 34. Ne3 Be7 35. Nd5 Bc5 36. Kf1 Ke8 37. Ke2 Kd7 38. f3 Kc6 39. Kd3 f5 40. Kc4 a5 41. Nf6 Be7 42. Nd5 Bc5 43. h3 fxe4 44. fxe4 Bd4 45. b3 Bc5 46. Nf6 h5 47. Nd5 Bf8 48. Kd3 Kc5 49. Ne3 Bd6 50. g4 hxg4 51. Nxg4 Bc7 52. Nh2 Bd8 53. Ng4 Bc7 54. Ne3 Bd6 55. Nc4 Bc7 56. Ke3 a4 57. Nb2 axb3 58. axb3 Bd6 59. Nd3+ Kc6 60. Ke2 Kd7 61. Ne1 Kc6 62. Nf3 Kc5 63. Kd3 Bc7 64. Nh4 1-0

[Event "Mumbai Wealth op 3rd"]
[Site "Mumbai"]
[Date "2018.01.04"]
[Round "6"]
[White "Gandhi, Anish"]
[Black "Om, Kharola"]
[Result "0-1"]
[WhiteElo "2128"]
[BlackElo "1884"]
[PlyCount "72"]
[EventDate "2017.12.30"]
[EventType "swiss"]
[EventRounds "9"]
[EventCountry "IND"]
[SourceTitle "CBM 182 Extra"]
[Source "ChessBase"]
[SourceDate "2018.02.23"]
[SourceVersion "1"]
[SourceVersionDate "2018.02.23"]
[SourceQuality "1"]

1. Nf3 d5 2. c4 e6 3. g3 Nf6 4. Bg2 Be7 5. 0-0 0-0 6. b3 b6 7. cxd5 exd5 8. Bb2 Bb7 9. d3 c5 10. Nbd2 Nc6 11. Re1 Rc8 12. Rc1 Re8 13. Qc2 Bf8 14. Qb1 d4 15. a3 g6 16. e4 dxe3 17. fxe3 Bh6 18. e4 Ba6 19. Bh3 Bxd3 20. Qa1 Nxe4 21. Nxe4 Bxe4 22. Rcd1 Bxf3 23. Rxd8 Rcxd8 24. Rxe8+ Rxe8 25. Bg2 Be3+ 26. Kh1 Bxg2+ 27. Kxg2 Bd4 28. Kh3 Re2 29. Bxd4 cxd4 30. Qd1 Re6 31. Qd3 Rd6 32. Kg2 Rd8 33. Kf1 Ne5 34. Qe4 d3 35. Ke1 d2+ 36. Kd1 Nd3 0-1

[Event "Mumbai Wealth op 3rd"]
[Site "Mumbai"]
[Date "2018.01.01"]
[Round "3"]
[White "Om, Kharola"]
[Black "Rozum, Ivan"]
[Result "0-1"]
[WhiteElo "1884"]
[BlackElo "2595"]
[PlyCount "64"]
[EventDate "2017.12.30"]
[EventType "swiss"]
[EventRounds "9"]
[EventCountry "IND"]
[SourceTitle "CBM 182 Extra"]
[Source "ChessBase"]
[SourceDate "2018.02.23"]
[SourceVersion "1"]
[SourceVersionDate "2018.02.23"]
[SourceQuality "1"]

1. e4 d5 2. exd5 Qxd5 3. Nc3 Qd6 4. Nf3 c6 5. d4 Bg4 6. Be2 Nf6 7. h3 Bxf3 8. Bxf3 e6 9. Ne4 Nxe4 10. Bxe4 Nd7 11. c3 Qc7 12. Qf3 Nf6 13. Bg5 Nxe4 14. Qxe4 Qa5 15. Qe5 Qd5 16. Qxd5 cxd5 17. 0-0 Bd6 18. f4 f5 19. g4 Rf8 20. c4 dxc4 21. d5 exd5 22. Rad1 d4 23. Rfe1+ Kf7 24. Kg2 d3 25. gxf5 Rfe8 26. Bh4 Bxf4 27. Kf3 Bc7 28. Re6 Rxe6 29. fxe6+ Kxe6 30. Re1+ Be5 31. Bg3 Rf8+ 32. Kg4 Rf5 0-1